| Tag |
First Indicator |
Second Indicator |
Subfields |
| LEADER |
00000cgm a2200000Ia 4500 |
| 001 |
in00002733621 |
| 005 |
20151202144528.0 |
| 007 |
vd bvaizs |
| 008 |
101022s2010 cau590 vleng d |
| 020 |
|
|
|a 1893967573
|
| 020 |
|
|
|a 9781893967571
|
| 024 |
1 |
|
|a 617311675799
|
| 028 |
4 |
2 |
|a FA0018
|b Flicker Alley
|
| 035 |
|
|
|a (OCoLC)ocn671500970
|
| 035 |
|
|
|a (OCoLC)671500970
|
| 037 |
|
|
|b Midwest Tape
|n http://www.midwesttapes.com
|
| 040 |
|
|
|a TEFMT
|c TEFMT
|d JBL
|d TEF
|d COO
|d TXI
|d OCLCA
|d WAU
|d UtOrBLW
|
| 049 |
|
|
|a TXAM
|
| 050 |
|
4 |
|a PN1997.A1
|b C43 2010
|
| 082 |
0 |
4 |
|a 791.43/75
|2 22
|
| 090 |
|
|
|a PN1995.9.C55
|b C432 2010
|
| 245 |
0 |
0 |
|a Chaplin at Keystone /
|c Cineteca del Comune di Bologna ; British Film Institute ; National Film and Television Archive ; Lobster Films ; [UCLA Film & Television Archive].
|
| 246 |
1 |
|
|i Other title:
|a Chaplin project.
|p The Keystone series
|
| 246 |
3 |
0 |
|a Keystone series
|
| 264 |
|
1 |
|a Los Angeles, CA :
|b Flicker Alley,
|c 2010.
|
| 300 |
|
|
|a 4 videodiscs (590 min.) :
|b sound, black and white ;
|c 4 3/4 in. +
|e 1 booklet (39 pages : illustrations ; 19 cm.)
|
| 336 |
|
|
|a two-dimensional moving image
|b tdi
|2 rdacontent
|
| 337 |
|
|
|a video
|b v
|2 rdamedia
|
| 338 |
|
|
|a videodisc
|b vd
|2 rdacarrier
|
| 538 |
|
|
|a DVD; region 0, NTSC; full screen (1.33:1) presentation; stereo.
|
| 546 |
|
|
|a Silent film with English intertitles and added music.
|
| 511 |
1 |
|
|a Charlie Chaplin.
|
| 508 |
|
|
|a Keystone Film Company.
|
| 500 |
|
|
|a "A collection of 34 restored films."
|
| 500 |
|
|
|a Title on booklet: Chaplin at keystone : the Tramp is born / by Jeffrey Vance.
|
| 520 |
|
|
|a Charlie Chaplin came to Mack Sennett's Keystone Studios late in 1913 as a little-known British vaudevillian. After a year, he had not only established his Tramp character, he also learned to write and direct his own films and achieved public recognition as a star comedian. The Chaplin at Keystone collection contains over thirty of Charlie Chaplin's greatest works.
|
| 505 |
0 |
|
|a Disc 1. Making a living / director, Henry Lehrman ; music, Frederick Hodges (13 min., 1914) -- Kid auto races at Venice, Cal. / director, Henry Lehrman ; music, Eric Beheim (7 min., 1914) -- Mabel's strange predicament / director, Mabel Normand ; music, Mont Alto Motion Picture Orchestra (12 min., 1914) -- Between showers / director, Henry Lehrman ; music, Frederick Hodges (14 min., 1914) -- A film Johnnie / director, George Nichols ; music, Mont Alto Motion Picture Orchestra (12 min., 1914) -- Tango tangles / director, Mack Sennett ; music, Stephen Horne (10 min., 1914) -- His favorite pastime / director, George Nichols ; music, Antonio Coppola (13 min., 1914) -- Cruel, cruel love / director, George Nichols ; music, Mont Alto Motion Picture Orchestra (10 min., 1914) -- The star boarder / director, George Nichols ; music, Frederick Hodges (12 min., 1914) -- Mabel at the wheel / director, Mabel Normand, M. Sennett ; music, Eric Beheim (24 min., 1914) -- Twenty minutes of love / director, Joseph Maddern, C. Chaplin ; music, Robert Israel (11 min., 1914) -- Caught in a cabaret / director, Mabel Normand, C. Chaplin ; music, Antonio Coppola (23 min., 1914).
|
| 505 |
0 |
|
|a Disc 2. Caught in the rain / director, Charles Chaplin ; music, Mont Alto Motion Picture Orchestra (12 min., 1914) -- A busy day / director, Mack Sennett ; music, Frederick Hodges (6 min., 1914) -- The fatal mallet / director, Mack Sennett ; music, Ethan Uslan (14 min., 1914) -- The knockout / director, Mack Sennett ; music, Neil Brand (31 min., 1914) -- Mabel's busy day / director, Mack Sennett ; music, Ethan Uslan (13 min., 1914) -- Mabel's married life / director, Mack Sennett ; music, Antonio Coppola (15 min., 1914) -- Laughing gas / director, Charles Chaplin ; music, Robert Israel (13 min., 1914) -- The property man / director, Charles Chaplin ; music, Neil Brand (24 min., 1914) -- The face on the barroom floor / director, Charles Chaplin ; music, Eric Beheim (12 min., 1914) -- Recreation / director, Charles Chaplin ; music, Antonio Coppola (7 min., 1914).
|
| 505 |
0 |
|
|a Disc 3. The masquerader / director, Charles Chaplin ; music, Mont Alto Motion Picture Orchestra (13 min., 1914) -- His new profession / director, Charles Chaplin ; music, Antonio Coppola (12 min., 1914) -- The rounders / director, Charles Chaplin ; music, Robert Israel (14 min., 1914) -- The new janitor / director, Charles Chaplin ; music, Robert Israel (13 min., 1914) -- Those love pangs / director, Charles Chaplin ; music, Antonio Coppola (12 min., 1914) -- Dough and dynamite / director, Charles Chaplin ; music, Eric Beheim (29 min., 1914) -- Gentlemen of nerve / director, Charles Chaplin ; music, Neil Brand (15 min., 1914) -- His musical career / director, Charles Chaplin ; music, Stephen Horne (14 min, 1914) -- His trysting places / director, Charles Chaplin ; music, Stephen Horne (21 min., 1914).
|
| 505 |
0 |
|
|a Disc 4. Getting acquainted / director, Charles Chaplin ; music, Mont Alto Motion Picture Orchestra (14 min., 1914) -- His prehistoric past / director, Charles Chaplin ; music, Ethan Uslan (22 min., 1914) -- Tillie's punctured romance / director, Mack Sennett ; music, Ken Winokur and "Tillie's Nightmare" (86 min., 1914) -- His regular job (former title The thief catcher) (excerpt) / director, Henry Lehrman (6 min.) -- Charlie et sa Belle = Charlie's white elephant / director, John Colman Terry, H.M. Shieds ; music, Eric Le Guen (6 min., 1916) -- Inside the Keystone project / production, Lobster Films (11 min., 2010) -- Silent traces :discovering early Hollywood through the films of Charlie Chaplin / written and narrated by John Bengston ; produced by Serge Bromberg ; Lobster Films (13 min., 2010).
|
| 500 |
|
|
|a Special features: Disc 4. Photo gallery.
|
| 500 |
|
|
|a Videorecording.
|
| 650 |
|
0 |
|a Tramps
|v Drama.
|
| 655 |
|
7 |
|a Comedy films.
|2 lcgft
|
| 655 |
|
7 |
|a Silent films.
|2 lcgft
|
| 655 |
|
7 |
|a Short films.
|2 lcgft
|
| 655 |
|
7 |
|a Fiction films.
|2 lcgft
|
| 655 |
|
7 |
|a Feature films.
|2 lcgft
|
| 700 |
1 |
|
|a Chaplin, Charlie,
|d 1889-1977,
|e actor,
|e director.
|
| 700 |
1 |
|
|a Lehrman, Henry,
|d 1886-1946,
|e director.
|
| 700 |
1 |
|
|a Normand, Mabel,
|d 1894-1930,
|e actor,
|e director.
|
| 700 |
1 |
|
|a Nichols, George,
|d 1864-1927,
|e director.
|
| 700 |
1 |
|
|a Sennett, Mack,
|d 1880-1960,
|e director.
|
| 700 |
1 |
|
|a Maddern, Joseph,
|e director.
|
| 700 |
1 |
|
|a Terry, John Colman,
|d 1880-1934,
|e director.
|
| 700 |
1 |
|
|a Shieds, H. M.,
|e director.
|
| 700 |
1 |
|
|a Bengston, John,
|e narrator,
|e screenwriter.
|
| 700 |
1 |
|
|a Bromberg, Serge,
|e producer.
|
| 700 |
1 |
|
|a Hodges, Frederick,
|e composer.
|
| 700 |
1 |
|
|a Beheim, Eric,
|e composer.
|
| 700 |
1 |
|
|a Horne, Stephen,
|e composer.
|
| 700 |
1 |
|
|a Coppola, Antonio,
|d 1956-
|e composer.
|
| 700 |
1 |
|
|a Israel, Robert,
|d 1963-
|e composer.
|
| 700 |
1 |
|
|a Uslan, Ethan,
|e composer.
|
| 700 |
1 |
|
|a Brand, Neil,
|e composer.
|
| 700 |
1 |
|
|a Winokur, Ken,
|e composer.
|
| 700 |
1 |
|
|a Le Guen, Eric,
|e composer.
|
| 700 |
1 |
|
|a Dressler, Marie,
|d 1869-1934,
|e actor.
|
| 700 |
1 |
|
|a Swain, Mack,
|d 1876-1935,
|e actor.
|
| 700 |
1 |
|
|a Bennett, Charles J.,
|d 1889-1943,
|e actor.
|
| 700 |
1 |
|
|a Sterling, Ford,
|d 1882-1939,
|e actor.
|
| 700 |
1 |
|
|a Vance, Jeffrey,
|d 1970-
|e writer of accompanying material.
|
| 710 |
2 |
|
|a Mont Alto Motion Picture Orchestra.
|
| 710 |
2 |
|
|a Keystone Film Company.
|
| 710 |
2 |
|
|a Cineteca comunale (Bologna, Italy)
|
| 710 |
2 |
|
|a British Film Institute.
|
| 710 |
2 |
|
|a National Film and Television Archive (Great Britain)
|
| 710 |
2 |
|
|a Lobster Films (Firm)
|
| 710 |
2 |
|
|a UCLA Film and Television Archive.
|
| 710 |
2 |
|
|a Flicker Alley (Firm)
|
| 740 |
0 |
2 |
|a Making a living.
|
| 740 |
0 |
2 |
|a Kid auto races at Venice, Cal.
|
| 740 |
0 |
2 |
|a Mabel's strange predicament.
|
| 740 |
0 |
2 |
|a Between showers.
|
| 740 |
0 |
2 |
|a Film Johnnie.
|
| 740 |
0 |
2 |
|a Tango tangles.
|
| 740 |
0 |
2 |
|a His favorite pastime.
|
| 740 |
0 |
2 |
|a Cruel, cruel love.
|
| 740 |
0 |
2 |
|a Star boarder.
|
| 740 |
0 |
2 |
|a Mabel at the wheel.
|
| 740 |
0 |
2 |
|a Twenty minutes of love.
|
| 740 |
0 |
2 |
|a Caught in a cabaret.
|
| 740 |
0 |
2 |
|a Caught in the rain.
|
| 740 |
0 |
2 |
|a Busy day.
|
| 740 |
0 |
2 |
|a Fatal mallet.
|
| 740 |
0 |
2 |
|a Knockout.
|
| 740 |
0 |
2 |
|a Mabel's busy day.
|
| 740 |
0 |
2 |
|a Mabel's married life.
|
| 740 |
0 |
2 |
|a Laughing gas.
|
| 740 |
0 |
2 |
|a Property man.
|
| 740 |
0 |
2 |
|a Face on the barroom floor.
|
| 740 |
0 |
2 |
|a Recreation.
|
| 740 |
0 |
2 |
|a Masquerader.
|
| 740 |
0 |
2 |
|a His new profession.
|
| 740 |
0 |
2 |
|a Rounders.
|
| 740 |
0 |
2 |
|a New janitor.
|
| 740 |
0 |
2 |
|a Those love pangs.
|
| 740 |
0 |
2 |
|a Dough and dynamite.
|
| 740 |
0 |
2 |
|a Gentlemen of nerve.
|
| 740 |
0 |
2 |
|a His musical career.
|
| 740 |
0 |
2 |
|a His trysting places.
|
| 740 |
0 |
2 |
|a Getting acquainted.
|
| 740 |
0 |
2 |
|a His prehistoric past.
|
| 740 |
0 |
2 |
|a Tillie's punctured romance.
|
| 740 |
0 |
2 |
|a His regular job.
|
| 740 |
0 |
2 |
|a Thief catcher.
|
| 740 |
0 |
2 |
|a Charlie et sa Belle.
|
| 740 |
0 |
2 |
|a Charlie's white elephant.
|
| 740 |
0 |
2 |
|a Inside the Keystone project.
|
| 740 |
0 |
2 |
|a Silent traces, discovering early Hollywood through the films of Charlie Chaplin.
|
| 740 |
0 |
2 |
|a Chaplin at Keystone, the Tramp is born.
|
| 994 |
|
|
|a C0
|b TXA
|
| 948 |
|
|
|a cataloged
|b h
|c 2011/12/13
|d c
|e blrosas
|f 12:39:21 pm
|
| 999 |
|
|
|a MARS
|
| 999 |
f |
f |
|s 8d897dba-2d66-3a14-ae7a-15af66eea0c9
|i ed266a81-7c5a-325c-b61b-8e5e98e2c9c0
|t 0
|
| 952 |
f |
f |
|p dvd
|a Texas A&M University
|b College Station
|c Sterling C. Evans Library
|d Evans: Media and Reserves (Annex 1st floor)
|t 0
|e PN1995.9.C55 C432 2010
|h Library of Congress classification
|i video -- videodisc
|k disc 3
|m A14841331132
|
| 952 |
f |
f |
|p dvd
|a Texas A&M University
|b College Station
|c Sterling C. Evans Library
|d Evans: Media and Reserves (Annex 1st floor)
|t 0
|e PN1995.9.C55 C432 2010
|h Library of Congress classification
|i video -- videodisc
|k disc 1
|m A14841331051
|
| 952 |
f |
f |
|p dvd
|a Texas A&M University
|b College Station
|c Sterling C. Evans Library
|d Evans: Media and Reserves (Annex 1st floor)
|t 0
|e PN1995.9.C55 C432 2010
|h Library of Congress classification
|i video -- videodisc
|k disc 4
|m A14841331174
|
| 952 |
f |
f |
|p dvd
|a Texas A&M University
|b College Station
|c Sterling C. Evans Library
|d Evans: Media and Reserves (Annex 1st floor)
|t 0
|e PN1995.9.C55 C432 2010
|h Library of Congress classification
|i video -- videodisc
|k book
|m A14841331213
|
| 952 |
f |
f |
|p dvd
|a Texas A&M University
|b College Station
|c Sterling C. Evans Library
|d Evans: Media and Reserves (Annex 1st floor)
|t 0
|e PN1995.9.C55 C432 2010
|h Library of Congress classification
|i video -- videodisc
|k disc 2
|m A14841331093
|
| 998 |
f |
f |
|a PN1995.9.C55 C432 2010
|s disc 1-4
|t 0
|l Evans: Media and Reserves (Annex 1st floor)
|